Instruções para o Calculo dos Honorarios (Record no. 2370)

MARC details
000 -Etiqueta do registo
Campo de controlo de comprimento fixo 00348 a2200145 4500
020 ## - ISBN (NÚMERO DE LIVRO PADRÃO INTERNACIONAL)
ISBN 972-0-06192-8
040 ## - Fonte de Catalogação
Agência de catalogação Biblioteca Geral- Universidade Lusíada de Angola
082 ## - DEWEY DECIMAL CLASSIFICATION NUMBER
Número de classificação 72
Classificador- CDU 72
100 ## - Nome Pessoal
9 (RLIN) 1197
Autor Obras Publicas
245 ## - Declaração de Título
Título Instruė̳s para o Calculo dos Honorarios
260 ## - Publicação e Destribuíção
Local de edição/distribuição Lisboa,
Editor/distribuidor Porto Editora
Data de edição/distribuição 1986.
300 ## - Descrição Física
Nº Pág. 73p
650 ## - MATERIA
MATERIA Arquitectura
942 ## - - Elementos de entrada adicionados (koha)
Tipo de documento Livros
Holdings
Withdrawn status Lost status Source of classification or shelving scheme Damaged status Not for loan Permanent Location Current Location Date acquired Inventory number Total Checkouts Full call number Barcode Date last seen Price effective from Koha item type
    Dewey Decimal Classification     Biblioteca Geral- Universidade Lusíada de Angola Biblioteca Geral- Universidade Lusíada de Angola 01/07/2026 14(1)   72 2026-0225 01/07/2026 01/07/2026 Livros